000 00279 a2200109 4500
999 _c322907
_d322907
001 87834
003 NUST
005 20180124140659.0
008 180124b xxu||||| |||| 00| 0 eng d
082 _a620.0042 WRI
245 _aAutoCAD Release 12 for Beginners
_cVic Wright,Kurt Hampe,Ashim Guha
_hEnglish
260 _bNRP
300 _a645p
942 _aCAE NUST
_cBK
_k620.004 WRI
_2ddc